[Event "Pfalz-ch 75th"]
[Site "Kaiserslautern"]
[Date "2006.04.09"]
[Round "3"]
[White "Boehm, Manfred"]
[Black "Goesswald, Hans Joachim"]
[Result "1-0"]
[WhiteElo "1630"]
[BlackElo "1294"]
[PlyCount "125"]
[EventDate "2006.04.07"]
[EventType "swiss"]
[EventRounds "7"]
[EventCountry "GER"]
[SourceTitle "EXT 2007"]
[Source "ChessBase"]
[SourceDate "2006.11.23"]
[SourceVersion "1"]
[SourceVersionDate "2006.11.23"]
[SourceQuality "1"]

1. e4 c5 2. c3 Nc6 3. Nf3 d6 4. d4 cxd4 5. cxd4 e6 6. Nc3 g6 7. Be3 Bg7 8. Qd2 d5 9. e5 a6 10. Rc1 Qe7 11. Bd3 f5 12. Na4 Qb4 13. Qxb4 Nxb4 14. Bb1 Bd7 15. Nb6 Rb8 16. Rc7 Rd8 17. Bg5 Ne7 18. 0-0 h6 19. Bf6 Bxf6 20. exf6 Nc8 21. Nxd7 Rh7 22. Nfe5 Nd6 23. Rfc1 Rdxd7 24. Rxd7 Rxd7 25. Nxd7 Kxd7 26. g4 Nc6 27. Rd1 Ke8 28. gxf5 exf5 29. f3 Kf7 30. a3 Kxf6 31. Ba2 Ne7 32. a4 f4 33. Rc1 Ndf5 34. Kf2 Nxd4 35. Rc7 b6 36. Rb7 b5 37. Rb6+ Kf5 38. Rxa6 bxa4 39. Rxa4 Ke5 40. Ra8 Nef5 41. Ra6 g5 42. Bb1 Ne6 43. Bxf5 Kxf5 44. h3 Nc5 45. Rb6 Ke5 46. b4 Nd7 47. Rxh6 d4 48. Rg6 Kf5 49. Rd6 Ne5 50. Rxd4 Nc6 51. Rc4 Ne5 52. Rc3 Ke6 53. b5 Kd6 54. b6 Nd7 55. b7 Ke6 56. Rc7 Nb8 57. Rc8 Na6 58. b8Q Nxb8 59. Rxb8 Kf5 60. Ke2 Kf6 61. Kd3 Ke5 62. Rf8 Ke6 63. Ke4 1-0